000 00361nam a22001577a 4500
003 OSt
005 20211221150636.0
008 211221b |||||||| |||| 00| 0 eng d
020 _a0442231210
040 _cHU
082 _a001.64/SEL
100 _aSeidman
_923979
245 _aThe Handbook Of Computer & Computing
260 _c1984
942 _2ddc
_cBOOKS
_n0
999 _c23214
_d23214